| 000 -LEADER |
| fixed length control field |
01345pab a2200169 454500 |
| 008 - FIXED-LENGTH DATA ELEMENTS--GENERAL INFORMATION |
| fixed length control field |
180718b2017 xxu||||| |||| 00| 0 eng d |
| 100 ## - MAIN ENTRY--PERSONAL NAME |
| Personal name |
Zang, Xiaowei |
| 245 ## - TITLE STATEMENT |
| Title |
Exploring frontline work in China |
| 260 ## - PUBLICATION, DISTRIBUTION, ETC. |
| Date of publication, distribution, etc. |
2017 |
| 300 ## - PHYSICAL DESCRIPTION |
| Extent |
p.842-855. |
| 520 ## - SUMMARY, ETC. |
| Summary, etc. |
This study of the state frontline workforce breaks new ground by conducting an institutional analysis of rule abidance in the People's Republic of China (PRC). We draw upon a survey (n = 1,721) of Chengguan officers, the main players in regulatory enforcement of civil law in urban China, to explore the influence of autocratic one-party rule on the meaning of and variation in rule abidance in China. The majority of Chengguan officers are rule followers, and demographic differences show little deviation from this norm. However, institutional factors associated with one-party rule, particularly upward accountability, the privilege of administrative rank, and unequal access to power and resources, are significant in shaping differences in rule following among Chengguan officers. We conclude with a discussion of the similarities in institutional pressures on urban regulatory policing in China and the United States. - Reproduced. |
| 650 ## - SUBJECT ADDED ENTRY--TOPICAL TERM |
| Topical term or geographic name entry element |
Civil law - China |
| 650 ## - SUBJECT ADDED ENTRY--TOPICAL TERM |
| Topical term or geographic name entry element |
Civil law |
| 700 ## - ADDED ENTRY--PERSONAL NAME |
| Personal name |
Musheno, Michael |
| 773 ## - HOST ITEM ENTRY |
| Main entry heading |
Public Administration |
| 909 ## - |
| -- |
116299 |